| 000 | 00898nas a2200277 4500 | ||
|---|---|---|---|
| 001 | BR7601819 | ||
| 003 | BR-BrBNA | ||
| 005 | 20231205082940.0 | ||
| 007 | ta | ||
| 008 | 230509b bl.|||p| |||| 00| 00por d | ||
| 040 |
_aBR-BrBNA _bpor _cBiblioteca Nacional de Agricultura |
||
| 041 | _a(Pt) | ||
| 072 | _aM40; L60 | ||
| 100 | 1 | _aMeneses, N.A. | |
| 100 | 1 | _aBenvegnu, G. de Q. | |
| 245 | 1 | _aNew records of marine fishes from the Western South Atlantic [Peixe marinho, Oceano Atlantico, Brasil, Uruguai] | |
| 650 | _aBIOLOGIA AQUATICA | ||
| 650 | _aECOLOGIA AQUATICA | ||
| 650 | _aTAXONOMIA ANIMAL | ||
| 650 | _aPEIXE MARINHO | ||
| 650 | _aOCEANO ATLANTICO | ||
| 650 | _aURUGUAI | ||
| 773 | 0 |
_tPapeis Avulsos de Zoologia - Universidade de Sao Paulo (Brazil) _xISSN 0031-1049 _g(1976), v. 29(27) p. 269-280 _wBR7601819 |
|
| 909 |
_a202311 _bLúcia _c55 _dLúcia Elande |
||
| 942 |
_2AGRIS _n0 _cANA |
||
| 999 |
_c95314 _d95314 |
||